LEADER 01012cam0-22003611i-450- 001 990000441780403321 005 20060118130323.0 035 $a000044178 035 $aFED01000044178 035 $a(Aleph)000044178FED01 035 $a000044178 100 $a20020821d1999----km-y0itay50------ba 101 0 $aita 102 $aIT 105 $aa---j---001yy 200 1 $aManuale dei semilavorati$esemilavorati di legno naturale e pannelli a base di legno$fDomenico Adelizzi 205 $a9. ed. 210 $aReggio Emilia$cConsorzio LegnoLegno$d1999 215 $a419 p.$cill.$d25 cm 610 0 $aLegno 610 0 $aLegno$aSemilavorati 610 0 $aPannelli$aLegno 676 $a674.1 700 1$aAdelizzi,$bDomenico$0339445 801 0$aIT$bUNINA$gRICA$2UNIMARC 901 $aBK 912 $a990000441780403321 952 $a08 BB 549$b1051$fDINED 952 $aTECN B 1379$b11105$fFARBC 959 $aDINED 959 $aFARBC 996 $aManuale dei semilavorati$9333658 997 $aUNINA LEADER 00782nam0-22002891i-450- 001 990000493950403321 005 20091123115401.0 035 $a000049395 035 $aFED01000049395 035 $a(Aleph)000049395FED01 035 $a000049395 100 $a20020821d1981----km-y0itay50------ba 101 0 $aita 105 $ay-------001yy 200 1 $a<>programmazione dello Z8000$fRichard Mateosian 210 $aMilano$cJackson$d1981 215 $a302 p.$cill.$d21 cm 610 0 $aProgrammazione 676 $a005 700 1$aMateosian,$bRichard$026713 801 0$aIT$bUNINA$gRICA$2UNIMARC 901 $aBK 912 $a990000493950403321 952 $a10 P.T. 153$b1894 CCE$fDINEL 959 $aDINEL 996 $aProgrammazione dello Z8000$9333332 997 $aUNINA